000
00301nam a2200109Ia 4500
008
220120s9999||||xx |||||||||||||| ||und||
100
_a
Sethi, Ravi
245
0
_a
Programming languages: concepts and constructs
260
_a
Pearson education asia
_c
2001
300
_b
0
650
_a
PROGRAMMING LANGUAGE
999
_c
136751
_d
136751